Malabarinte charithram (Record no. 67309)

MARC details
000 -LEADER
fixed length control field 00594nam a22001817a 4500
005 - DATE AND TIME OF LATEST TRANSACTION
control field 20230103145453.0
008 - FIXED-LENGTH DATA ELEMENTS--GENERAL INFORMATION
fixed length control field 100716t xxu||||| |||| 00| 0 eng d
020 ## - INTERNATIONAL STANDARD BOOK NUMBER
International Standard Book Number 9788182645639
041 ## - Language Code
Language code of text/sound track or separate title Malayalam
080 ## - UNIVERSAL DECIMAL CLASSIFICATION NUMBER
Universal Decimal Classification number 954.83=M
Item number LOG
100 ## - MAIN ENTRY--PERSONAL NAME
Personal name Logan, William
245 ## - TITLE STATEMENT
Title Malabarinte charithram
260 ## - PUBLICATION, DISTRIBUTION, ETC. (IMPRINT)
Place of publication, distribution, etc Kozhikode
Name of publisher, distributor, etc Mathrubhumi Books
Date of publication, distribution, etc 2008
300 ## - PHYSICAL DESCRIPTION
Extent 490p.
653 ## - INDEX TERM--UNCONTROLLED
Uncontrolled term History of Malabar
942 ## - ADDED ENTRY ELEMENTS (KOHA)
item type Books
Holdings
Lost status Source of classification or shelving scheme Not for loan Home library Current library Shelving location Date acquired Total Checkouts Full call number Barcode Date last seen Date checked out Price effective from Koha item type
  Universal Decimal Classification   University Library University Library General Stacks 16/07/2010 8 954.83=M LOG 00063133 15/05/2023 17/03/2023 16/07/2010 Books
University Library, CUSAT